[Event "NRW Verbandsklasse Group1 1314"]
[Site "Nordrheinwestfalen"]
[Date "2014.01.26"]
[Round "6"]
[White "Brinkaemper, Maik"]
[Black "Boedecker, Arndt"]
[Result "0-1"]
[WhiteElo "1695"]
[BlackElo "1719"]
[PlyCount "88"]
[EventDate "2013.09.08"]
[EventType "team-tourn"]
[EventRounds "9"]
[EventCountry "GER"]
[SourceTitle "EXT 2020"]
[Source "ChessBase"]
[SourceDate "2019.10.17"]
[SourceVersion "1"]
[SourceVersionDate "2019.10.17"]
[SourceQuality "1"]
[WhiteTeam "Altenessen"]
[BlackTeam "Oberhausen SV III"]
[WhiteTeamCountry "GER"]
[BlackTeamCountry "GER"]

1. c4 c5 2. Nc3 Nf6 3. Nf3 e6 4. d4 cxd4 5. Nxd4 a6 6. g3 Qc7 7. Qd3 b6 8. Bg2 Bb7 9. Nf3 d6 10. 0-0 Nbd7 11. Be3 Rc8 12. b3 Be7 13. Rad1 0-0 14. Bf4 e5 15. Bg5 b5 16. Nd2 Bxg2 17. Kxg2 d5 18. Bxf6 dxc4 19. bxc4 bxc4 20. Bxe5 Nxe5 21. Qe4 Rfe8 22. Ndb1 Bf8 23. Qc2 Re6 24. Nd5 Qc5 25. Nbc3 Rce8 26. Ne4 Qc6 27. Kg1 Ng4 28. Ng5 Rh6 29. Qf5 Nf6 30. e4 c3 31. Rc1 c2 32. Ne3 Qd7 33. Qxd7 Nxd7 34. Rxc2 Rd6 35. Nf5 Rd3 36. Re1 h6 37. Nh3 g6 38. Nf4 Ra3 39. Nd4 Bg7 40. Rd2 Ne5 41. Nd5 Ra4 42. Kg2 Nc4 43. Rdd1 Nb2 44. Nc7 Rc8 0-1

[Event "Cologne Longerich op 3rd"]
[Site "Cologne"]
[Date "2004.07.03"]
[Round "2"]
[White "Gutt, Oswald"]
[Black "Boedecker, Arndt"]
[Result "1/2-1/2"]
[WhiteElo "1965"]
[BlackElo "1785"]
[PlyCount "59"]
[EventDate "2004.06.26"]
[EventType "swiss"]
[EventRounds "7"]
[EventCountry "GER"]
[SourceTitle "EXT 2006"]
[Source "ChessBase"]
[SourceDate "2005.11.24"]
[SourceVersion "1"]
[SourceVersionDate "2005.11.24"]
[SourceQuality "1"]

1. d4 Nf6 2. Nf3 e6 3. c4 c5 4. Nc3 d5 5. cxd5 exd5 6. g3 Nc6 7. Bg2 Be6 8. 0-0 Be7 9. Be3 cxd4 10. Nxd4 0-0 11. h3 Qd7 12. Kh2 Rfe8 13. Rc1 Rad8 14. Qa4 Ra8 15. Rfd1 Bd6 16. Bg5 Be5 17. Nxc6 bxc6 18. f4 Bxc3 19. Rxc3 Bf5 20. Bxf6 Rxe2 21. Qxc6 Qxc6 22. Rxc6 Be4 23. Rg1 gxf6 24. g4 Rb8 25. Kg3 Rxg2+ 26. Rxg2 Bxg2 27. Kxg2 Rxb2+ 28. Kg3 Rxa2 29. Rxf6 a5 30. Rd6 1/2-1/2

[Event "Ruhrhalbinsel op 14th"]
[Site "Essen"]
[Date "1999.05.21"]
[Round "3"]
[White "Rotthaus, Peter"]
[Black "Boedecker, Arndt"]
[Result "0-1"]
[WhiteElo "1707"]
[BlackElo "1835"]
[PlyCount "63"]
[EventDate "1999.05.07"]
[EventType "swiss"]
[EventRounds "4"]
[EventCountry "GER"]
[SourceTitle "EXT 2004"]
[Source "ChessBase"]
[SourceDate "2003.11.25"]
[SourceVersion "1"]
[SourceVersionDate "2003.11.25"]
[SourceQuality "1"]

1. Nf3 Nf6 2. d4 g6 3. c4 Bg7 4. Nc3 d5 5. Bf4 c5 6. dxc5 Qa5 7. Qa4+ Qxa4 8. Nxa4 Ne4 9. cxd5 Bd7 10. Be5 Bxe5 11. c6 Bxc6 12. dxc6 Nxc6 13. Nxe5 Nxe5 14. f3 Nd6 15. e4 Nc6 16. Nc3 Rd8 17. Rd1 0-0 18. a3 e5 19. Nd5 Nd4 20. Bd3 Kg7 21. Rc1 Ne6 22. Kd2 Rd7 23. Rc3 Rfd8 24. g3 f5 25. exf5 Nxf5 26. Ne3 Nfd4 27. Ng4 Nxf3+ 28. Ke3 Ned4 29. Be4 Ng5 30. Rhc1 Nxe4 31. Kxe4 Ne2 32. Kxe5 0-1